La nueva legislacin̤ espaǫla ante la evolucin̤ del derecho de la competencia

Bibliographic Details
Main Author: Berenguer Fuster, Luis
Other Authors: Giner Parreǫ, Cšar A., Martn̕-Laborda, Antonio Robles
Format: eBook
Language:Spanish
Published: Madrid: Marcial Pons, 2010
Subjects:
Online Access:Acceso restringido

MARC

LEADER 00000nam a22000007a 4500
005 2017020708138.0
007 cr|||| ||||
008 170207s2010 es |||||s|||| 00||0 spa d
020 |a 978-84-9123-025-0 
035 |a 14700 
040 |a vLex 
090 |c 6527  |d 6527 
100 1 |a Berenguer Fuster, Luis 
245 1 2 |a La nueva legislacin̤ espaǫla ante la evolucin̤ del derecho de la competencia  |h [Recurso electrn̤ico] /  |c Luis Berenguer Fuster, Cšar A. Giner Parreǫ, Antonio Robles Martn̕-Laborda 
256 |a Servicio en ln̕ea 
260 |a Madrid:  |b Marcial Pons,  |c 2010 
300 |a 1 recurso electrn̤ico 
500 |a En los l︢timos veinte aǫs se ha producido en Espaą una importante expansin̤ de la aplicacin̤ del Derecho de la Competencia, de los estudios sobre la materia, jurd̕icos y econm̤icos y, hasta si se nos apura, de la cultura de la competencia entre la ciudadana̕ y los emprendedores. Queda mucho trabajo por hacer a pesar de esos grandes avances. Los antecedentes histr̤icos de la legislacin̤ espaǫla de competencia y los textos positivos demuestran que no se puede identificar un modelo de polt̕ica jurd̕ica y econm̤ica de la competencia exclusivo y excluyente para la aplicacin̤ de la Ley de 2007 vigente en Espaą. La polt̕ica de la competencia puede situarse en el marco de la polt̕ica econm̤ica general del Estado, y se debe reflexionar sobre los lm̕ites de esa inclusin̤. Es necesario avanzar en un enfoque integrado y pluralista para reforzar mutuamente las instituciones sociales, y para ello las bases de informacin̤ para la toma de decisiones sobre la valoracin̤ de las instituciones no deben ser angostas y limitadas. Ms̀ de un siglo de aplicacin̤ del Derecho de la Competencia en los Estados Unidos ha demostrado las dificultades existentes para proporcionar una base de informacin̤ analt̕ica sl̤ida que permita resolver las diferencias entre los diversos modelos de aplicacin̤ del Derecho de la Competencia. Las discusiones han llegado a un punto que reclama un anl̀isis sosegado de los enfoques confrontados sobre la naturaleza de la actividad empresarial, las caracters̕ticas de los mercados y el papel en todo este entramado del Estado. El Derecho de la Competencia vuelve a tomar un perfil que debe abonar un importante espacio para la reflexin̤ polt̕ica y cientf̕ica a la que invitamos al lector de este trabajo. 
506 1 |a Disponible solo en los productos indicados  |d vLex Global  |d vLex Global (Academic Edition, excluding Law Schools)  |d vLex Global (U.S. Academic Edition, Law Schools)  |d vLex Global (U.S. Academic Edition, excluding Law Schools)  |d vLex Global (Academic Edition, Law Schools) 
650 0 4 |a Derecho Mercantil y de la Empresa  |z Espaą 
700 1 |a Giner Parreǫ, Cšar A. 
700 1 |a Martn̕-Laborda, Antonio Robles 
740 0 |a vLex Libros (Servicio en ln̕ea) 
856 4 0 |u http://vlex.com/source/nueva-legislacion-espa-ola-ante-la-evolucion-del-derecho-de-la-competencia-14700  |z Acceso restringido 
942 |c BOOK 
999 0 |a Commercial and Company Law